000 00441nam a2200157 a 4500
001 2761
005 20140414131904.0
008 050928s19uu xx 00 eng d
020 _a0-671-64043-7
050 _aFIC
_bM27 1991
100 _aJack Mcguire
245 _aThe many lives of Underfoot the cat :
_bHit the road and srike it rich.
260 _aNew York :
_bA Minstrel Book,
_c1991.
300 _a53 p. : ill. ; cm.
999 _c110824
_d110824